ZÁSADY HYGIENY A SANITÁCIE AKO ZÁKLAD SPRÁVNEJ HYGIENICKEJ PRAXE

Bibliographic Details
Main Author: Gažo, I. (Author)
Format: Article
Language:Slovak

MARC

LEADER 00000nab a2200000 a 4500
001 vtls010719174
003 SK-MaSNL
005 20260304185729.0
008 250709s2003 xo |||||||||||||||||slo|
035 |a (urnnbn)urn:nbn:sk:snk:ar-a04poi 
035 |a (uuid)05f50576-d4e8-4c08-8172-568ad4aa021b 
035 |a urn:nbn:sk:snk-ab3kje 
040 |a SNKBUCL  |b slo  |c SNKBUCL  |e AACR2 
041 0 |a slo 
044 |a xo  |c SK 
100 1 |a Gažo, I.  |4 aut  |9 783106 
245 1 0 |a ZÁSADY HYGIENY A SANITÁCIE AKO ZÁKLAD SPRÁVNEJ HYGIENICKEJ PRAXE  |c I. Gažo 
773 0 |t Mliekarstvo : bulletin pre internú potrebu výrobcov a spracovateľov mlieka  |g Roč. 34, č. 4 (2003), s. 60-63 
850 |a Slovenská národná knižnica 
852 |a Slovenská národná knižnica 
954 |a odborná, vedecká literatúra pôvodná (slovenská)  |2 lita 
958 |a article1 
958 |a OND 
958 |a EUIPO 
999 |c 3045693  |d 3047623